Птицы Восточной Сибири. Т. 1: История изучения птиц Восточной Сибири (Запись № 13558458)

Подробности
000 -МАРКЕР
контрольное поле 02176nam2a2200289 4500
001 - ИДЕНТИФИКАТОР ЗАПИСИ
контрольное поле RU\NLR\BIBL_A\022743357
005 - ИДЕНТИФИКАТОР ВЕРСИИ
контрольное поле 20260512162024.0
010 ## - МЕЖДУНАРОДНЫЙ СТАНДАРТНЫЙ НОМЕР КНИГИ (ISBN)
Номер (ISBN) 978-5-8353-3396-7
Уточнения кн. 1
021 ## - НОМЕР ГОСУДАРСТВЕННОЙ РЕГИСТРАЦИИ
Код страны Российская Федерация
Номер КН-П-26-001937
Номер Листа государственной регистраци КН-П-26-0176
035 ## - ДРУГИЕ СИСТЕМНЫЕ НОМЕРА
Идентификатор записи (NLR Aleph) 022743357
100 ## - ДАННЫЕ ОБЩЕЙ ОБРАБОТКИ
Данные общей обработки 20260304d2025 k y0rusy50 ca
101 0# - ЯЗЫК РЕСУРСА
Язык текста, звукозаписи и т.д. русский
102 ## - СТРАНА ПУБЛИКАЦИИ ИЛИ ПРОИЗВОДСТВА
Страна публикации Российская Федерация
105 ## - ПОЛЕ КОДИРОВАННЫХ ДАННЫХ: ТЕКСТОВЫЕ МАТЕРИАЛЫ, МОНОГРАФИЧЕСКИЕ
Кодированные данные о монографическом текстовом документе abchz 010yy
200 1# - ЗАГЛАВИЕ И СВЕДЕНИЯ ОБ ОТВЕТСТВЕННОСТИ
Основное заглавие История изучения птиц Восточной Сибири
210 ## - ПУБЛИКАЦИЯ, РАСПРОСТРАНЕНИЕ И ДР.
Дата издания, распространения и т.д. 2025
215 ## - ФИЗИЧЕСКАЯ ХАРАКТЕРИСТИКА
Специфическое обозначение материала и объем 504 с.
Другие сведения о физической характеристике ил., табл., карты, портр., факс.
320 ## - ПРИМЕЧАНИЯ О НАЛИЧИИ В ДОКУМЕНТЕ БИБЛИОГРАФИИ / УКАЗАТЕЛЯ
Текст примечания Библиогр.: с. 482–504 (367 назв.)
423 #0 - ИЗДАЕТСЯ В ОДНОЙ ОБЛОЖКЕ ВМЕСТЕ С ...
Встроенное поле 2001#$aТ. 2: [Орнитологическая характеристика природных комплексов Восточной Сибири]
Заглавие Т. 2: [Орнитологическая характеристика природных комплексов Восточной Сибири]
461 #0 - УРОВЕНЬ НАБОРА
Встроенное поле 001RU\NLR\BIBL_A\022743354
-- 2001#$aПтицы Восточной Сибири$eмонография$eв 3 томах$fТ. Н. Гагина-Скалон$gМинистерство науки и высшего образования Российской Федерации, Федеральное государственное бюджетное образовательное учреждение высшего образования "Кемеровский государственный университет"$vТ. 1
-- 700#1$aГагина$bТ. Н.$f1925-2014$gТатьяна Николаевна$3RU\NLR\AUTH\77119454
Системный номер (АБИС) связанной записи 13697028
Автор Гагина, Т. Н. (1925-2014)
Место публикации Кемерово
Дата публикации 2025
Первые сведения об ответственности Т. Н. Гагина-Скалон
Имя издателя, распространителя и т.д. Кемеровский государственный университет
Сведения, относящиеся к заглавию монография : в 3 томах
Заглавие Птицы Восточной Сибири
ISBN 978-5-8353-3395-0
Номер тома Т. 1
606 1# - НАИМЕНОВАНИЕ ТЕМЫ КАК ПРЕДМЕТ
Наименование темы Орнитологические исследования
Тематический подзаголовок История
Географический подзаголовок Сибирь Восточная
Системный номер авторитетной/нормативной записи 2708682
Идентификатор авторитетной/нормативной записи RU\NLR\AUTH\6601770422
686 1# - ИНДЕКСЫ ДРУГИХ КЛАССИФИКАЦИЙ
Индекс Е693.36(2Р54)г
942 ## - ДОПОЛНИТЕЛЬНЫЕ ЭЛЕМЕНТЫ ЗАПИСИ (АБИС)
Тип экземпляра АБИС Книга
980 ## - КОЛЛЕКЦИЯ
Название коллекции Национальная библиография

Нет доступных экземпляров.